| 000 | 00635cam a2200193 a 4500 | ||
|---|---|---|---|
| 001 | 000001120 | ||
| 003 | DO-SdBNP | ||
| 005 | 20250707112615.0 | ||
| 008 | 820422s1964 mau 000 0 eng | ||
| 040 |
_aDO-SdBNP _bspa _cBNPHU |
||
| 082 | 4 |
_a330 _bW957m _222 |
|
| 100 | 1 |
_aWronski, Stanley P. _93843 |
|
| 245 | 1 | 0 |
_aModern economics / _cStanley P. Wronski, Francis S. Doody, Richard V. Clemence ; Consultant: Douglas C. Davis. |
| 260 |
_aBoston : _bAllyn and Bacon, _c1964. |
||
| 300 |
_ax, 438 p. : _bil. ; _c24 cm. |
||
| 650 | 0 |
_aEconomia _985383 |
|
| 651 | 4 |
_aEstados Unidos _xCondiciones económicas _y1945- _93844 |
|
| 942 |
_2ddc _cLBS1 |
||
| 999 |
_c1078 _d1078 |
||